00893nam a2200229 i 450000100060000000300090000600500170001500700030003200800410003502000180007610000330009424500900012726000450021730000360026249000560029850000150035460000690036983000640043885200220050299900170052495201220054145308ES-MaACL20230906161209.0t|030325s1982 xxu b |||| | eng d a0-8240-9496-41 aColecchia, Francesca.93957110aGarcía Lorca b: an annotated primary bibliography / cFrancesca Colecchia, editor. aNew York ; aLondon : bGarland, c1982. aXXIV, 281 p. : bil. ; c23 cm.1 aGarland reference library of the humanities ; v259 aÍndices.17aGarcía Lorca, Federico,d1898-1936-vBibliografías291666020 aGarland reference library of the humanities ; v2599182051 aES-MaACLjL-10051 c45308d45308 00104070aATENEOMbATENEOMcDEPO2d2008-01-17eSCl0oL-10051p1047674r2023-02-23 00:00:00w2023-02-23yMONOGRAFIA